Growing Cities in France - Statistics

General Stats
  • This quiz has been taken 30 times
  • The average score is 7 of 10
Answer Stats
Population Population Gained City % Correct
498,003 58,550 Toulouse
96%
522,228 49,898 Lyon
92%
870,321 17,926 Marseille
92%
320,732 37,707 Nantes
88%
259,809 24,631 Bordeaux
84%
290,576 18,453 Strasbourg
80%
222,485 14,563 Rennes
76%
299,096 45,384 Montpellier
64%
131,766 14,889 Annecy
16%
154,781 16,630 Villeurbanne
16%
No matching quizzes found
Score Distribution
Percent of People with Each Score
Percentile by Number Answered
Your Score History
You have not taken this quiz